|
|
|
|
| LEADER |
01555nam a2200373 i 4500 |
| 001 |
37118 |
| 003 |
BD-DhAAL |
| 005 |
20211114133126.0 |
| 008 |
200224t2018 inu b 001 0 eng d |
| 999 |
|
|
|c 42209
|d 42209
|
| 010 |
|
|
|a 2017049716
|
| 020 |
|
|
|a 9781945349348 (perfect bound)
|
| 040 |
|
|
|a DLC
|b eng
|c DLC
|e rda
|d DLC
|d BD-DhAAL
|
| 042 |
|
|
|a pcc
|
| 050 |
0 |
0 |
|a LB2822.8
|b .M388 2018
|
| 082 |
0 |
0 |
|a 371.207
|2 23
|
| 245 |
1 |
0 |
|a Leading a high reliability school /
|c Robert J. Marzano... [et al.].
|
| 260 |
|
|
|a Bloomington, IN :
|b Solution Tree Press,
|c c2018
|
| 300 |
|
|
|a xiv, 199 pages ;
|c 26 cm.
|
| 504 |
|
|
|a Includes bibliographical references and index.
|
| 541 |
|
|
|a Karim International
|e 37118, 37119
|
| 650 |
|
0 |
|a School improvement programs.
|9 39508
|
| 650 |
|
0 |
|a Teacher effectiveness.
|9 39509
|
| 650 |
|
0 |
|a Professional learning communities.
|9 39510
|
| 650 |
|
0 |
|a Computer science.
|9 42597
|
| 700 |
|
|
|a Marzano, Robert J.
|9 39511
|
| 700 |
|
|
|a Warrick, Philip B.
|9 39512
|
| 700 |
|
|
|a Rains, Cameron L.
|9 39513
|
| 700 |
|
|
|a DuFour, Richard
|9 39514
|
| 700 |
|
|
|a Jones, Jeffrey C.
|9 39515
|
| 852 |
|
|
|a Ayesha Abed Library
|c General Stacks
|
| 942 |
|
|
|2 ddc
|c BK
|
| 952 |
|
|
|0 0
|1 0
|2 ddc
|4 0
|6 371_207000000000000_LEA
|7 0
|9 67924
|a BRACUL
|b BRACUL
|c GEN
|d 2020-02-11
|e Karim International
|g 2880.00
|l 0
|o 371.207 LEA
|p 3010037118
|r 2020-02-11
|t 1
|v 2880.00
|w 2020-02-11
|y BK
|
| 952 |
|
|
|0 0
|1 0
|2 ddc
|4 0
|6 371_207000000000000_LEA
|7 0
|9 67925
|a BRACUL
|b BRACUL
|c GEN
|d 2020-02-11
|e Karim International
|g 2880.00
|l 0
|o 371.207 LEA
|p 3010037119
|r 2020-02-11
|t 2
|v 2880.00
|w 2020-02-11
|y BK
|